مكتبة جامعة عجلون الوطنية

فهرس بحث المكتبة

Normal view MARC view
  • عبدالله بن الحسين الأول، ملك الأردن، 1921 - 1951

Entry Personal Name

Number of records used in: 1

001 - CONTROL NUMBER

  • control field: 56067

003 - CONTROL NUMBER IDENTIFIER

  • control field: JO-AjAnu

005 - DATE AND TIME OF LATEST TRANSACTION

  • control field: 20230606083206.0

008 - FIXED-LENGTH DATA ELEMENTS

  • fixed length control field: 230606|| aca||aabn | a|a d

040 ## - CATALOGING SOURCE

  • Original cataloging agency: JO-AjAnu
  • Transcribing agency: JO-AjAnu

100 ## - HEADING--PERSONAL NAME

  • Personal name: عبدالله بن الحسين الأول، ملك الأردن، 1921 - 1951

670 ## - SOURCE DATA FOUND

  • Source citation: Work cat.: (JO-AjAnu)28614: عبدالله بن الحسين الأول، ملك الأردن، 1921 - 1951, author, حقبة من تاريخ الأردن: الاثار الكاملة للملك عبدالله بن الحسين